| 000 | 00356nam a2200145Ia 4500 | ||
|---|---|---|---|
| 008 | 191201s1998 xx 000 0 und d | ||
| 082 |
_a677.02822 _bTAC |
||
| 100 | _aTYAGGART, William | ||
| 245 | 0 | _aCotton Spinning Calculations | |
| 250 | _a1st | ||
| 260 |
_aN.Delhi _bNavneet Prakashan _c1998 |
||
| 300 | _a353 | ||
| 650 | _aB.Tech(TE) | ||
| 942 |
_2ddc _cBK |
||
| 999 |
_c2610 _d2610 |
||